Statistics for The Mummy: Imhotep's Victims

Click here to take the quiz!

General Stats

  • This quiz has been taken 10 times
  • The average score is 4 of 7

Answer Stats

MovieAnswer% Correct
The MummyBernard Burns
100%
The MummyAllen Chamberlain
60%
The MummyDavid Daniels
60%
The MummyIsaac Henderson
60%
The Mummy ReturnsJacob Spivey
60%
The Mummy ReturnsJacques Clemons
60%
The Mummy ReturnsRed Willits
40%

Score Distribution

Percentile by Number Answered

Percent of People with Each Score

Your Score History

You have not taken this quiz